MDQL
is popping MORE tags! Check the
thread
!
Quizzes
Events
Quiz Creation
Community
Videos
Private Events
Remove Ads
Sign In
Join for FREE
Feedback
Dark Mode
Quiz Categories
Sports
Geography
Music
Movies
Television
Just For Fun
Miscellaneous
History
Literature
Language
Science
Gaming
Entertainment
Religion
Holiday
For Kids
Quiz Lab
Recent
Popular Today
Quiz Kudos Today
Editor Picks
Curator Picks
Quizzes by...
Day
Popularity
Type
Ratings
Length
Year
Community
Subscriptions
Recent Discussions
Orange Saloon
Badges
Playlists
Quests
Create
Leaderboards
Showdown
Live 5
Trivia Bingo
Activity
Puzzle Library
Sporcle Events
Private Events
Virtual Trivia
Globe League
Become a Host
Pub Owners
SporcleCon
Opinionation
Our Games
Videos
Blog
Mobile Apps
Partnerships
Remove Ads and Go Orange
Feedback
Sports
Athletes
MLB
NBA
NHL
NFL
Soccer
Sports Teams
WWE
NCAA
Football
Premier League
Basketball
Baseball
Hockey
Golf
Tennis
Cricket
Rugby
Auto Racing
Olympics
World Cup
Sports
Athletes
MLB
NBA
NHL
NFL
Soccer
Sports Teams
WWE
NCAA
Football
Premier League
Basketball
Baseball
Hockey
Golf
Tennis
Cricket
Rugby
Auto Racing
Olympics
World Cup
Random Quiz
Search Sporcle
×
Quiz Lab
Quiz Lab
Sports
Player
Type in answers that appear in a list
Type in answers that appear in a list
Classic
Best Score? Go Orange.
Top 100 AFL Dreamteam Averages 2009 Stats
Can you name the Top 100 AFL players by dreamteam average in 2009?
By
Spazbot
10m
100 Questions
693 Plays
693 Plays
693 Plays
Comments
Comments
Give Quiz Kudos
Give Quiz Kudos
-
- Ratings
hide this ad
Replay
Link that replays current quiz
Next Quiz
Link to next quiz in quiz playlist
You Got
0%
They Got
Avg Score
50%
Avg Friend Score
Upgrade to see
Score Distribution
Jump to the score distribution portion of the page
Score
0/100
Timer
10:00
0
Plays Today
Average
Player
% Correct
118.79
Gary Ablett
98.3%
119.14
Dane Swan
96.8%
94.36
Chris Judd
94.5%
109.29
Jimmy Bartel
91.8%
106.52
Nick Riewoldt
91.3%
108.89
Lenny Hayes
89%
102.45
Marc Murphy
88%
107.31
Dean Cox
87.2%
106.95
Bryce Gibbs
86.6%
115.86
Leigh Montagna
86.4%
103.18
Joel Selwood
85.6%
102.23
Sam Mitchell
84.6%
99.44
Steve Johnson
83.1%
87.95
Adam Selwood
81.8%
98.18
Brad Johnson
81.7%
112.53
Paul Chapman
81.5%
94.64
Jonathan Brown
80.8%
106.65
Joel Corey
79.2%
91.00
Jobe Watson
78.5%
104.05
Nick DalSanto
78.4%
92.16
Matthew Pavlich
76.6%
103.71
Brendon Goddard
76%
103.47
Scott Pendlebury
76%
98.95
Adam Goodes
75.3%
103.86
Matthew Boyd
75.2%
88.50
Brent Harvey
74.6%
90.48
Simon Black
74%
89.73
Corey Enright
70%
95.55
Aaron Sandilands
67.2%
96.09
Brett Deledio
65.5%
102.71
Alan Didak
64.6%
90.30
Adam Cooney
64.4%
95.23
Kane Cornes
64.2%
89.50
Brendan Fevola
63.9%
Average
Player
% Correct
100.95
Brent Stanton
63.6%
87.22
Chad Cornes
63.5%
97.90
Scott Thompson
59.9%
99.10
Leon Davis
58.2%
101.53
Brad Sewell
57.9%
100.45
Bernie Vince
57.7%
95.80
Daniel Cross
56.4%
95.77
Luke Power
54.5%
89.58
Simon Goodwin
52.1%
96.05
Matt Priddis
51.5%
89.00
Matthew Richardson
51.4%
87.59
Brett Kirk
51.4%
96.82
Ryan O'Keefe
49.1%
88.42
Cameron Ling
48.6%
94.00
Adam Simpson
47.5%
89.18
Kade Simpson
47.3%
86.42
Brad Green
47%
96.75
Tyson Edwards
45.6%
94.05
Jason Akermanis
44.4%
94.27
Jude Bolton
42%
89.82
Andrew Swallow
41.7%
86.14
Rhyce Shaw
41.7%
89.11
Sam Gilbert
40.4%
93.21
Cameron Bruce
39.5%
86.82
Darren Jolly
39.4%
93.68
Jordan Lewis
38.1%
86.86
Drew Petrie
35.9%
94.41
Mitch Clark
35.5%
91.86
Jason Gram
34.5%
90.33
Travis Boak
34.3%
96.11
Shane Tuck
34.2%
88.27
Aaron Davey
34.2%
90.18
Hamish McIntosh
33.9%
88.53
Shaun Higgins
33%
Average
Player
% Correct
96.20
Liam Anthony
32%
93.76
Domenic Cassisi
32%
95.29
Colin Sylvia
31.6%
94.08
Joel Bowden
29.7%
85.14
Nathan Foley
27.7%
86.31
Heath Scotland
27.6%
86.13
Daniel Giansiracusa
27.3%
94.11
Jason Winderlich
26.7%
87.93
Nathan Bock
26.4%
87.67
Greg Broughton
26.4%
87.81
Josh Fraser
25.1%
87.14
Andrew Embley
25%
93.27
Tarkyn Lockyer
24.8%
93.20
Ryan Hargrave
24.1%
85.14
Andrew Carrazzo
23.5%
88.43
Brent Moloney
23.1%
89.27
Jack Grimes
22.8%
87.86
Cale Morton
22.8%
89.38
Paul Duffield
22.7%
86.89
Jarrad Waite
22.2%
95.50
Brent Prismall
21.6%
85.59
Chance Bateman
20.3%
88.80
Richard Tambling
19.8%
90.82
Daniel Jackson
19.5%
86.38
Nick Stevens
19.2%
89.55
Farren Ray
19%
87.86
Quinten Lynch
19%
85.37
Shannon Byrnes
17.2%
85.20
Andrew Welsh
14.6%
86.18
Justin Sherman
13.7%
91.33
David Armitage
11.7%
87.00
Michael Doughty
10.4%
Quiz Playlist
Details
Report
Send in Message
Add To Playlist
Classic:
Type in answers that appear in a list
Quiz Source
Last Updated: Feb 11, 2019
Quiz Scoreboard
CHALLENGE
Sign Up to Join the Scoreboard
Show All
Scores
Hide
Comments
May contain spoilers
Recently Published
Find the 'City' Movie
by crazypaving
Movies
60s
5x2 Blitz: Bands
by SL_Kpop136
Music
30s
Colored Red Africa Blitz
by spor1
Geography
30s
More to Explore
Quiz From the Vault
Featured Blog Post
14 Easter Pick-up Lines to Find Eggs With
hide this ad
You Might Also Like...
Tags
100
AFL
Average
Dream Team
Player
team
Top 100
Today's Top Quizzes in Sports
Browse Sports
hide this ad
Today's Top Quizzes in Player
Browse Player
Top Contributed Quizzes in Sports
1
Players with Multiple 50 Home Run Seasons
2
Les entraîneurs de l'OM et du PSG au 21e siècle
3
Criteria MLB: Left Handed Sluggers
4
2022 World Cup Stars
5
Les meilleurs buteurs des matchs entre le PSG et l’OM
6
Who Hit More Homers?
7
Les joueurs passés par le PSG et l'OM
8
NBA Logic Puzzle 2.0
9
Top 10 NHL Goal Scorers of All Time
10
MLB Players with Two .350 Batting Average Seasons
Explore More
Trending Topics
Kpop
Crossword
Harry Potter
NBA
Marvel
Disney
Anime
Country
Song
Pokémon
NFL
Soccer
The Office
Puzzle
WWE
hide this ad
More By:
Spazbot
Quiz
Plays
Rating
Category
Featured
Created
Diablo 2 Quest Bosses
3,941
4.18
Gaming
Dec 13, 2009
Top 100 AFL Dreamteam Averages 2009
693
5.00
Sports
Dec 7, 2009
Harry Potter Creatures
664
3.40
Literature
Feb 19, 2010
AFL 2009 Top 50 Goalkickers
531
5.00
Sports
Jan 2, 2010
AFL 2008 Top 50 Goalkickers
446
5.00
Sports
Jan 2, 2010
Go to Creator's Profile
Score Distribution
Quiz Creator Spotlight
Spazbot
Follow
Send a Message
Quizzes Created
-
Created Quiz Play Count
-
More By This Creator
Popular Quizzes Today
1
Colored Red Africa Blitz
2
Find the US States - No Outlines Minefield
3
Find the 'City' Movie
4
5x2 Blitz: Bands
5
The Countries of the World
6
Find the US States
7
US States
8
9x9 Crossword: Cartoon Network
More Sports Quizzes
Indian Cricket Team - XIs in World Cup Semi Finals
Curator's Pick
Trending Quizzes
Colored Red Europe Blitz I
Colored Red Europe Blitz II
Colored Red Africa Blitz II
Colored Red Africa Blitz III
Colored Red Europe Blitz III
Recently Updated
Godzilla Movies
pecheneg
Grab Bag: 4-10 Letters
pecheneg
2024 March Madness Bracket
pecheneg
Famous TV Couples
Peacemaker
Champions League XIs: Real Madrid
pecheneg
Largest US Cities 1790-2010
pecheneg
Rides in Walt Disney World
pecheneg
Most Oscar Losses (Acting)
pecheneg
Beyoncé Albums
pecheneg
Leaping Animals
pecheneg
Trending Topics
Harry Potter
Disney
Anime
Kpop
NBA
Marvel
Crossword
Country
WWE
The Office
NFL
Puzzle
Soccer
Pokémon
Song
Your Account Isn't Verified!
In order to create a playlist on Sporcle, you need to verify the email address you used during registration. Go to your
Sporcle Settings
to finish the process.
Report this User
Report this user for behavior that violates our
Community Guidelines
.
Details:
Send Report
Go to the Sporcle.com Mobile Site →
Comments